| 000 | 00493nam a22001697a 4500 | ||
|---|---|---|---|
| 003 | BD-DhUL | ||
| 005 | 20180924101341.0 | ||
| 008 | 180924s1943 ii ||||| |||| 00| 0 urd d | ||
| 040 |
_aBD-DhUL _cBD-DhUL |
||
| 082 |
_a891.431 _bJIS |
||
| 100 | 0 | _aجگرمرادابادی | |
| 245 | 1 |
_aشعلۂ طور / _cجگرمرادابادی |
|
| 260 |
_aحیدراباد : _bسلطان بک ڈپو، _c۱۹۴۳۔ |
||
| 300 |
_aص۔ ۳۶۸ ؛ _c۱۸ سم۔ |
||
| 650 | 4 | _aUrdu poetry | |
| 942 |
_2ddc _cBK |
||
| 999 |
_c243623 _d243623 |
||